000 00811cam a2200265 a 4500
001 1559697
005 20260422184853.0
008 920507s1993 ilua 001 0 eng
020 _a0256115621
_qinstructor's ed.
020 _a0256102740
020 _a9780256115628
_q(instructor's ed.)
020 _a9780256102741
050 0 0 _aPE1479.B87
_bV39 1993
082 0 0 _a808/.06665
_220
100 1 _aVawdrey, Colleen.
245 1 0 _aPractical business English /
_cColleen Vawdrey, Ted D. Stoddard, R. DerMont Bell.
260 _aHomewood, IL :
_bIrwin,
_cc1993.
300 _axiv, 625 p. :
_bill. ;
_c28 cm.
500 _aIncludes index.
650 0 _aEnglish language
_xBusiness English.
650 0 _aBusiness writing.
700 1 _aStoddard, Ted D.
700 1 _aBell, R. DerMont.
942 _2lcc
_cBK
_n0
999 _c9567
_d9567